[Event "XXVI Festival Conca della Presolana B"]
[Site "Bratto - Castione della Presolana ITA"]
[Date "2006.08.22"]
[Round "3"]
[White "Madiai, Federico"]
[Black "Bernasconi, Roberto"]
[Result "1-0"]
[WhiteElo "1756"]
[BlackElo "1933"]
[PlyCount "97"]
[EventDate "2006.08.20"]

1. e4 e5 2. Nf3 Nf6 3. Nc3 Nc6 4. Bb5 Bb4 5. O-O O-O 6. d3 d6 7. Bg5 Bxc3 8.
bxc3 Qe7 9. Nd2 Nd8 10. f4 exf4 11. Bc4 Ne6 12. Bxe6 fxe6 13. Rxf4 e5 14. Bxf6
Rxf6 15. Rxf6 Qxf6 16. Rb1 b6 17. Qe2 Be6 18. c4 g6 19. c3 Rf8 20. Rf1 Qg5 21.
Rxf8+ Kxf8 22. Qf2+ Ke7 23. h3 h5 24. Kf1 c5 25. Ke2 Qf6 26. Qxf6+ Kxf6 27. Ke3
g5 28. Nb1 a6 29. Nd2 b5 30. cxb5 axb5 31. a3 Bd7 32. Kf3 Ke7 33. Nf1 h4 34.
Ne3 Kf6 35. Nd5+ Kg6 36. c4 Kf7 37. cxb5 Bxb5 38. Ke3 Bc6 39. Nb6 Bb5 40. a4
Ba6 41. Nd5 Bb7 42. a5 Ke8 43. a6 Bc6 44. a7 Kd8 45. Nb6 Kc7 46. a8=Q Bxa8 47.
Nxa8+ Kb7 48. Kf3 Kxa8 49. Kg4 1-0

[Event "XXVI Festival Conca della Presolana B"]
[Site "Bratto - Castione della Presolana ITA"]
[Date "2006.08.22"]
[Round "3"]
[White "Morandi, Daniele"]
[Black "Orsi, Lorenzo"]
[Result "1-0"]
[WhiteElo "1895"]
[BlackElo "1682"]
[PlyCount "49"]
[EventDate "2006.08.20"]

1. e4 e5 2. Nf3 Nf6 3. Nc3 Bb4 4. Bc4 O-O 5. d3 d5 6. exd5 Nxd5 7. O-O Nxc3 8.
bxc3 Bxc3 9. Ba3 Re8 10. Rb1 Nc6 11. Rb3 Bd4 12. c3 Bb6 13. d4 Bg4 14. Rxb6
axb6 15. Qb3 Qf6 16. dxe5 Nxe5 17. Nxe5 Rxe5 18. f4 Ree8 19. h3 Be6 20. Bb2
Rad8 21. Rf3 Bxc4 22. Qxc4 Rd1+ 23. Kh2 c5 24. Qa4 Qc6 25. Qxd1 1-0

[Event "XXVI Festival Conca della Presolana B"]
[Site "Bratto - Castione della Presolana ITA"]
[Date "2006.08.22"]
[Round "3"]
[White "Nardone, Massimo"]
[Black "Burbi, Marco"]
[Result "1/2-1/2"]
[WhiteElo "1902"]
[BlackElo "1793"]
[PlyCount "51"]
[EventDate "2006.08.20"]

1. Nf3 f5 2. d3 d6 3. g3 e5 4. e4 Nf6 5. Nc3 Be7 6. Bg2 Nc6 7. O-O O-O 8. h3 a6
9. exf5 Bxf5 10. Bg5 Be6 11. d4 exd4 12. Nxd4 Nxd4 13. Qxd4 c6 14. Rae1 Bf5 15.
Re2 Qd7 16. Kh2 d5 17. Na4 Rae8 18. Rfe1 b5 19. Nc5 Bxc5 20. Qxc5 Rxe2 21. Rxe2
Ne4 22. Qe7 Qxe7 23. Bxe7 Re8 24. Bxe4 Bxe4 25. Bc5 Kf7 26. c3 1/2-1/2

[Event "XXVI Festival Conca della Presolana B"]
[Site "Bratto - Castione della Presolana ITA"]
[Date "2006.08.22"]
[Round "3"]
[White "Nasoni, Paolo"]
[Black "Tafur, Abel"]
[Result "0-1"]
[WhiteElo "1859"]
[BlackElo "1966"]
[PlyCount "45"]
[EventDate "2006.08.20"]

1. c4 Nf6 2. Nc3 g6 3. g3 Bg7 4. Bg2 O-O 5. Nf3 d6 6. d4 c6 7. O-O Bg4 8. Qc2
Na6 9. Be3 Qc8 10. a3 Bh3 11. Rfb1 Bxg2 12. Kxg2 Nc7 13. Ne1 Re8 14. h3 d5 15.
b3 Qe6 16. c5 Qf5 17. Nd3 e5 18. dxe5 Rxe5 19. g4 Nxg4 20. hxg4 Qxg4+ 21. Kf1
Rh5 22. Ke1 d4 23. f3 0-1

[Event "XXVI Festival Conca della Presolana B"]
[Site "Bratto - Castione della Presolana ITA"]
[Date "2006.08.22"]
[Round "3"]
[White "Nepi, Ezio"]
[Black "Ferrarese, Giacomo"]
[Result "1-0"]
[WhiteElo "1817"]
[BlackElo "1721"]
[PlyCount "102"]
[EventDate "2006.08.20"]

1. Nf3 c5 2. c4 d6 3. d4 cxd4 4. Nxd4 g6 5. Nc3 Bg7 6. e4 Nc6 7. Be3 Nf6 8. Be2
O-O 9. O-O Bd7 10. Qd2 a6 11. Rfd1 Rc8 12. Rac1 Ng4 13. Bxg4 Bxg4 14. f3 Be6
15. b3 Qa5 16. Nxc6 bxc6 17. Nd5 Qxd2 18. Nxe7+ Kh8 19. Rxd2 Rc7 20. Rxd6 Rxe7
21. Rxc6 Ra8 22. Bb6 Rd7 23. Rc2 Bd4+ 24. Bxd4+ Rxd4 25. Kf2 a5 26. Ke3 Rd1 27.
Kf4 Kg7 28. Rb2 Rc1 29. Rd2 a4 30. Rc7 axb3 31. axb3 Rb8 32. Rd6 Rxb3 33. Rxe6
Rbc3 34. Ree7 Rxc4 35. Rxf7+ Kg8 36. Rg7+ Kh8 37. Rxh7+ Kg8 38. Rcg7+ Kf8 39.
Rxg6 Rc5 40. h4 Rb1 41. h5 Rh1 42. Rg5 Rc2 43. h6 Rh4+ 44. Kg3 Rh1 45. Rf5+ Ke8
46. Rg5 Kf8 47. Rh8+ Kf7 48. Rg7+ Kf6 49. Rf8+ Ke6 50. h7 Rg1 51. Kf4 Rcxg2 1-0

[Event "XXVI Festival Conca della Presolana B"]
[Site "Bratto - Castione della Presolana ITA"]
[Date "2006.08.22"]
[Round "3"]
[White "Panigoni, Giuseppe"]
[Black "Boccalatte, Piero"]
[Result "1/2-1/2"]
[WhiteElo "1892"]
[BlackElo "1999"]
[PlyCount "111"]
[EventDate "2006.08.20"]

1. d4 d5 2. c4 e6 3. Nc3 c6 4. Nf3 Nd7 5. e3 Ngf6 6. Bd3 Bd6 7. O-O O-O 8. e4
dxe4 9. Nxe4 Nxe4 10. Bxe4 e5 11. dxe5 Nxe5 12. Nxe5 Bxe5 13. Bxh7+ Kxh7 14.
Qh5+ Kg8 15. Qxe5 Re8 16. Qg3 Qd4 17. Rb1 Bf5 18. Be3 Qxc4 19. Rbd1 Re4 20. Qg5
Qe6 21. Rd8+ Rxd8 22. Qxd8+ Kh7 23. Rd1 f6 24. Qa5 a6 25. h3 Bg6 26. Qc7 Be8
27. Qxb7 Qxa2 28. Rd8 Qc4 29. Qc8 Qe6 30. Qxa6 Kg8 31. Qd3 Kf7 32. g4 Re5 33.
Bd2 Rd5 34. Rxd5 Qxd5 35. Qe3 Bd7 36. f3 c5 37. Bc3 Bc6 38. Kf2 c4 39. Qa7+ Qd7
40. Qc5 Qd5 41. Qe3 Qd6 42. Kg2 Qd5 43. h4 Qe6 44. Qd4 Qe2+ 45. Qf2 Bxf3+ 46.
Kg3 Bxg4 47. Qxe2 Bxe2 48. Kf4 g6 49. Bd4 Ke6 50. Bc5 Bh5 51. Bd4 f5 52. Bh8
Kd5 53. Bc3 Kc5 54. Bh8 Kb4 55. Bc3+ Kb3 56. Bh8 1/2-1/2

[Event "XXVI Festival Conca della Presolana B"]
[Site "Bratto - Castione della Presolana ITA"]
[Date "2006.08.22"]
[Round "3"]
[White "Reginato, Mauro"]
[Black "Fiorili, Roberto"]
[Result "0-1"]
[WhiteElo "1823"]
[BlackElo "1934"]
[PlyCount "110"]
[EventDate "2006.08.20"]

1. e4 c5 2. Nf3 d6 3. d4 cxd4 4. Nxd4 Nf6 5. Nc3 a6 6. Be2 e6 7. O-O b5 8. Be3
b4 9. Na4 Nxe4 10. Nb3 Nd7 11. Qd4 d5 12. c4 bxc3 13. bxc3 Bb7 14. f3 Nef6 15.
Rab1 Bc6 16. Nac5 Nxc5 17. Nxc5 Qd6 18. Nxa6 Be7 19. Bf4 Qa3 20. Nc7+ Kd7 21.
Nxa8 Bc5 22. Nb6+ Ke7 23. Bd6+ Bxd6 24. Qd2 Rb8 25. Kh1 Qa5 26. Nc4 dxc4 27.
Rxb8 Bxb8 28. Bxc4 Qh5 29. h3 Qe5 30. f4 Qe4 31. Rd1 Bc7 32. Bd3 Qxf4 33. Qxf4
Bxf4 34. Kg1 Bg3 35. Kf1 Nd5 36. Kg1 Nf4 37. Bf1 h5 38. Ra1 Nd5 39. a4 Kd6 40.
c4 Ne3 41. a5 Nxf1 42. Kxf1 Kc7 43. Rb1 Bd6 44. Ke2 Bc5 45. g4 hxg4 46. hxg4 f5
47. gxf5 exf5 48. Rf1 g6 49. Rf4 Kb7 50. Rh4 Ka6 51. Rh8 f4 52. Rg8 f3+ 53. Kf1
Be4 54. Rd8 Bf5 55. Rd5 Bh3+ 0-1

[Event "XXVI Festival Conca della Presolana B"]
[Site "Bratto - Castione della Presolana ITA"]
[Date "2006.08.22"]
[Round "3"]
[White "Regorda, Vittorio"]
[Black "Bassis, Ivano"]
[Result "0-1"]
[WhiteElo "1949"]
[BlackElo "1820"]
[PlyCount "120"]
[EventDate "2006.08.20"]

1. c4 Nf6 2. Nc3 e5 3. e4 Bc5 4. h3 Nc6 5. g3 d6 6. Bg2 Be6 7. d3 h6 8. Nge2
Qd7 9. Kf1 a6 10. Qa4 O-O 11. Nd5 Qd8 12. Be3 Bxe3 13. Nxe3 Bd7 14. Qd1 Ne7 15.
Kg1 c6 16. Kh2 b5 17. Rf1 Qb6 18. Qd2 c5 19. f4 Bc6 20. Nd5 Nexd5 21. exd5 Bb7
22. fxe5 dxe5 23. Nc3 Ne8 24. Be4 Nd6 25. b3 f5 26. Bg2 Qc7 27. Rae1 Rae8 28.
Qf2 g5 29. Qf3 Qg7 30. Qe3 Qc7 31. Qe2 Re7 32. g4 f4 33. Ne4 Nxe4 34. Qxe4 Qd6
35. Bf3 Rff7 36. Qe2 Bc8 37. Be4 b4 38. Qf3 a5 39. Re2 Ra7 40. Rff2 a4 41. Qg2
axb3 42. axb3 Ra3 43. Rb2 Kg7 44. Qf3 Rfa7 45. Qe2 Ra1 46. Bf3 R7a3 47. Qe4 Bd7
48. Rfe2 Rc1 49. Qxe5+ Qxe5 50. Rxe5 Kf6 51. Ree2 Rc3 52. Be4 Rcxb3 53. Rbd2
Rc3 54. Bh7 Ra1 55. Be4 b3 56. Bf3 Rac1 57. Rf2 R3c2 58. Be4 Rxd2 59. Rxd2 Rc2
60. Rg2 f3 0-1

[Event "XXVI Festival Conca della Presolana B"]
[Site "Bratto - Castione della Presolana ITA"]
[Date "2006.08.22"]
[Round "3"]
[White "Rozzoni, Davide"]
[Black "La Manna, Andrea"]
[Result "0-1"]
[WhiteElo "1714"]
[BlackElo "1895"]
[PlyCount "88"]
[EventDate "2006.08.20"]

1. g3 f5 2. Bg2 Nf6 3. d3 d6 4. Nh3 g6 5. O-O Bg7 6. f4 O-O 7. c3 c6 8. Qb3+
Kh8 9. Nf2 e5 10. e4 fxe4 11. Nxe4 Nxe4 12. dxe4 Qe7 13. Be3 Be6 14. Qc2 exf4
15. gxf4 Nd7 16. Nd2 Nf6 17. Rae1 Qd7 18. Nf3 Ng4 19. Bc1 Bc4 20. Ng5 Bxf1 21.
Rxf1 Bh6 22. Nh3 Rae8 23. Qd3 Nf6 24. Qd4 Bg7 25. Qd3 Qe7 26. Nf2 Nh5 27. Nh3
Bh6 28. Qd4+ Ng7 29. Kh1 Kg8 30. Qd3 Nh5 31. Qc4+ Qe6 32. Qa4 Qg4 33. Qc4+ d5
34. exd5 cxd5 35. Qxd5+ Kh8 36. Qd4+ Bg7 37. Qd2 Re2 38. Qd5 Rfe8 39. Ng5 h6
40. Nf7+ Kh7 41. Ne5 Qh4 42. Qf7 R8xe5 43. fxe5 Ng3+ 44. Kg1 Nxf1 0-1

[Event "XXVI Festival Conca della Presolana B"]
[Site "Bratto - Castione della Presolana ITA"]
[Date "2006.08.22"]
[Round "3"]
[White "Saracco, Marco"]
[Black "Scarpellini, Felice"]
[Result "1-0"]
[WhiteElo "1780"]
[BlackElo "1913"]
[PlyCount "115"]
[EventDate "2006.08.20"]

1. d4 Nf6 2. c4 e6 3. Nc3 d5 4. Bg5 Be7 5. cxd5 exd5 6. Qc2 O-O 7. e3 b6 8. Bd3
h6 9. Bh4 Bb7 10. Nf3 Nbd7 11. O-O c5 12. dxc5 bxc5 13. Rfd1 Rc8 14. Bf5 Ra8
15. Rd2 Nb6 16. b3 Nfd7 17. Bxe7 Qxe7 18. Rad1 Nf6 19. Bd3 Rfd8 20. Be2 Rac8
21. Qb2 Rd7 22. Ne1 Rdc7 23. Nb5 Ne4 24. Nxc7 Nxd2 25. Nxd5 Nxd5 26. Qxd2 Nb6
27. Bf3 Bxf3 28. Nxf3 c4 29. Rc1 cxb3 30. Rxc8+ Nxc8 31. axb3 Nb6 32. h3 g5 33.
Nd4 h5 34. Qe2 h4 35. Qg4 f6 36. Qf5 Kh8 37. Qg6 Qg7 38. Qxg7+ Kxg7 39. Nc6 a6
40. Kf1 Kf7 41. Ke2 Ke6 42. Kd3 Kd6 43. Nd4 a5 44. Ke4 a4 45. bxa4 Nxa4 46. Kf5
Ke7 47. f4 gxf4 48. exf4 Nc3 49. Nf3 Nd5 50. Nxh4 Kf7 51. g4 Ne7+ 52. Ke4 Ng8
53. Nf5 Kg6 54. Kd5 Kf7 55. Kd6 Kf8 56. Ke6 Ke8 57. h4 Kf8 58. h5 1-0

[Event "XXVI Festival Conca della Presolana B"]
[Site "Bratto - Castione della Presolana ITA"]
[Date "2006.08.22"]
[Round "3"]
[White "Sottroi, Carlo"]
[Black "Sanzani, Pierluigi"]
[Result "0-1"]
[WhiteElo "2008"]
[BlackElo "1892"]
[PlyCount "122"]
[EventDate "2006.08.20"]

1. e4 c5 2. Nf3 d6 3. d4 cxd4 4. Nxd4 Nf6 5. Nc3 g6 6. Bc4 Bg7 7. Be3 O-O 8. f3
Nc6 9. Nce2 Bd7 10. Qd2 Ne5 11. Bb3 b5 12. c3 a6 13. Ng3 Qc7 14. Qe2 Rfc8 15.
O-O Nc4 16. Bc1 Qc5 17. Kh1 e5 18. Nc2 Be6 19. Ne3 d5 20. exd5 Nxd5 21. Ne4 Qc6
22. Nxd5 Bxd5 23. Bc2 f5 24. Nd2 Re8 25. Nxc4 Bxc4 26. Bd3 Rac8 27. Bg5 h6 28.
Bh4 g5 29. Bf2 Kf8 30. Bxc4 Qxc4 31. Qxc4 Rxc4 32. Rad1 Bf6 33. Rd5 Rd8 34.
Rfd1 Rxd5 35. Rxd5 Kf7 36. Kg1 Ke6 37. Rc5 Rxc5 38. Bxc5 Kd5 39. Bf8 h5 40. Kf2
g4 41. fxg4 hxg4 42. Ke2 Bg5 43. Bg7 e4 44. Bd4 Bf4 45. Bg1 Be5 46. g3 b4 47.
cxb4 Bxb2 48. a4 Kc4 49. b5 axb5 50. axb5 Kxb5 51. Be3 Kc4 52. Bg5 Bd4 53. Bd8
Kb3 54. Be7 Kc2 55. Bd8 Bg1 56. Bc7 Bxh2 57. Ke3 Kd1 58. Kf4 Bxg3+ 59. Kxg3 e3
60. Ba5 e2 61. Kf2 f4 0-1

[Event "XXVI Festival Conca della Presolana B"]
[Site "Bratto - Castione della Presolana ITA"]
[Date "2006.08.22"]
[Round "3"]
[White "Spano' Cuomo, Gaetano"]
[Black "Marguerettaz, Davy"]
[Result "1-0"]
[WhiteElo "1880"]
[BlackElo "1700"]
[PlyCount "133"]
[EventDate "2006.08.20"]

1. d4 d5 2. Nf3 Nf6 3. e3 Bf5 4. c4 c6 5. Nc3 e6 6. Be2 Be7 7. Ne5 Nbd7 8. g4
Bg6 9. Nxg6 hxg6 10. cxd5 exd5 11. Qb3 Qc7 12. h3 Rc8 13. Bd2 Qb6 14. Qxb6 Nxb6
15. O-O-O Kd7 16. g5 Ne4 17. Nxe4 dxe4 18. Bg4+ Kc7 19. Bxc8 Nxc8 20. h4 Nd6
21. Bb4 Nf5 22. Bxe7 Nxe7 23. Kd2 Nf5 24. Ke2 Rxh4 25. Rxh4 Nxh4 26. d5 Nf3 27.
dxc6 bxc6 28. b4 Nxg5 29. Rc1 Kb6 30. a4 a6 31. Rc5 f6 32. a5+ Kc7 33. Rc4 Kd6
34. Rc1 Nf7 35. Rh1 Nh6 36. Kd2 g5 37. Kc3 f5 38. Rg1 Ng4 39. Rxg4 fxg4 40. Kd4
g6 41. Kxe4 Ke6 42. Kd4 Kd6 43. e4 Ke6 44. e5 Kf5 45. Kc5 Kxe5 46. Kxc6 Kf4 47.
b5 axb5 48. a6 Kf3 49. a7 Kxf2 50. a8=Q g3 51. Qa7+ Kg2 52. Kxb5 Kf1 53. Qf7+
Ke2 54. Qxg6 g2 55. Qxg5 Kf2 56. Qf4+ Ke2 57. Qg3 Kf1 58. Qf3+ Kg1 59. Kc4 Kh2
60. Qh5+ Kg3 61. Qg5+ Kf2 62. Qf4+ Ke1 63. Kd3 g1=N 64. Qg3+ Kf1 65. Ke3 Nh3
66. Qxh3+ Kg1 67. Qf3 1-0

[Event "XXVI Festival Conca della Presolana B"]
[Site "Bratto - Castione della Presolana ITA"]
[Date "2006.08.22"]
[Round "3"]
[White "Vignoli, Matteo"]
[Black "Pesce, Leandro"]
[Result "1-0"]
[WhiteElo "1941"]
[BlackElo "1767"]
[PlyCount "87"]
[EventDate "2006.08.20"]

1. e4 c5 2. Nf3 Nc6 3. d4 cxd4 4. Nxd4 e5 5. Nb5 d6 6. c4 a6 7. N5c3 Be7 8. Nd5
f5 9. Be3 Nd4 10. Bxd4 exd4 11. Qxd4 Nf6 12. Nbc3 O-O 13. Bd3 fxe4 14. Nxe4
Nxd5 15. Qxd5+ Kh8 16. O-O Rf5 17. Qd4 d5 18. Nc3 Bf6 19. Qc5 d4 20. Bxf5 b6
21. Qd5 Bxf5 22. Qxd8+ Rxd8 23. Nd5 d3 24. Nxf6 gxf6 25. Rfd1 d2 26. f3 Bc2 27.
Kf2 Kg7 28. Ke2 Bd3+ 29. Kxd2 Bxc4+ 30. Ke1 Re8+ 31. Kd2 Rd8+ 32. Kc3 Rc8 33.
Kd4 Be2 34. Rd2 Bb5 35. Ke3 Rc4 36. Kf2 a5 37. Rad1 a4 38. Rd4 Rc5 39. R1d2 Rc4
40. Rxc4 Bxc4 41. a3 Kg6 42. Rd4 b5 43. Rxc4 bxc4 44. Ke3 1-0

[Event "XXVI Festival Conca della Presolana B"]
[Site "Bratto - Castione della Presolana ITA"]
[Date "2006.08.23"]
[Round "4"]
[White "Bettini, Massimo"]
[Black "Mazzotti, Federico"]
[Result "1-0"]
[WhiteElo "1887"]
[BlackElo "1741"]
[PlyCount "83"]
[EventDate "2006.08.20"]

1. e4 c5 2. Nf3 Nc6 3. d4 cxd4 4. Nxd4 Qc7 5. Nb5 Qb8 6. N1c3 a6 7. Na3 b5 8.
Ne2 e6 9. Bf4 d6 10. Ng3 Nf6 11. c3 Be7 12. Bd3 e5 13. Bg5 h6 14. Bxf6 Bxf6 15.
Nh5 Qb7 16. Qf3 Ke7 17. Nc2 Be6 18. Ne3 Nb8 19. Qg3 Nd7 20. O-O Nc5 21. Nd5+
Bxd5 22. exd5 Qxd5 23. Bc2 Qc6 24. Rfe1 Rad8 25. Rad1 Ne6 26. Bb3 Nc5 27. Bd5
Qc7 28. Nxg7 Bxg7 29. Qxg7 Ne6 30. Bxe6 Kxe6 31. Qg4+ Ke7 32. f4 Rdg8 33. Qh4+
f6 34. fxe5 dxe5 35. Rd5 Rg5 36. Qb4+ Kf7 37. Red1 Qb6+ 38. Kh1 Qf2 39. R5d2
Qb6 40. Rd7+ Kg6 41. Qe4+ Kh5 42. R7d3 1-0

[Event "XXVI Festival Conca della Presolana B"]
[Site "Bratto - Castione della Presolana ITA"]
[Date "2006.08.23"]
[Round "4"]
[White "Boccalatte, Piero"]
[Black "Nasoni, Paolo"]
[Result "1/2-1/2"]
[WhiteElo "1999"]
[BlackElo "1859"]
[PlyCount "53"]
[EventDate "2006.08.20"]

1. d4 d5 2. c4 c6 3. Nc3 e5 4. cxd5 exd4 5. Qxd4 Nf6 6. e4 Be7 7. Bc4 O-O 8.
Nge2 cxd5 9. Nxd5 Nc6 10. Nxf6+ Bxf6 11. Qxd8 Rxd8 12. O-O Ne5 13. Bd5 Nd3 14.
Rb1 Nb4 15. Bb3 Bd7 16. Nc3 Bc6 17. f3 Bd4+ 18. Kh1 Nd3 19. g3 Rd7 20. Ba4 Rc8
21. Bxc6 Rxc6 22. Ne2 Bb6 23. Nc3 Bd4 24. Ne2 Bb6 25. Nc3 Bd4 26. Ne2 Bb6 27.
Nc3 1/2-1/2

[Event "XXVI Festival Conca della Presolana B"]
[Site "Bratto - Castione della Presolana ITA"]
[Date "2006.08.23"]
[Round "4"]
[White "Bolognesi, Alberto"]
[Black "Lanni, Vincenzo"]
[Result "1-0"]
[WhiteElo "1900"]
[BlackElo "1697"]
[PlyCount "49"]
[EventDate "2006.08.20"]

1. e4 g6 2. d4 Bg7 3. Nc3 d6 4. Be3 c6 5. Qd2 Nf6 6. f3 O-O 7. Bh6 Qc7 8. O-O-O
b5 9. Bxg7 Kxg7 10. Kb1 Nbd7 11. h4 e5 12. g4 h5 13. Bh3 a5 14. gxh5 Nxh5 15.
Bxd7 Bxd7 16. dxe5 b4 17. exd6 Qb6 18. Nce2 c5 19. Nh3 a4 20. Nhf4 Nxf4 21.
Nxf4 Be6 22. h5 b3 23. Nxe6+ fxe6 24. cxb3 Rxf3 25. bxa4 1-0

[Event "XXVI Festival Conca della Presolana B"]
[Site "Bratto - Castione della Presolana ITA"]
[Date "2006.08.23"]
[Round "4"]
[White "Burbi, Marco"]
[Black "Morandi, Daniele"]
[Result "1-0"]
[WhiteElo "1793"]
[BlackElo "1895"]
[PlyCount "87"]
[EventDate "2006.08.20"]

1. e4 e5 2. Nf3 Nc6 3. Bb5 a6 4. Ba4 Nf6 5. O-O Be7 6. Re1 b5 7. Bb3 d6 8. h3
O-O 9. c3 Na5 10. Bc2 c5 11. d4 Qc7 12. b3 c4 13. Bb2 g6 14. Nbd2 Nh5 15. Nf1
Nb7 16. Ne3 cxb3 17. axb3 Nf4 18. c4 bxc4 19. bxc4 f6 20. Qd2 Be6 21. Rec1 Nd8
22. Ba4 Nf7 23. h4 Nh6 24. g3 Nh3+ 25. Kg2 g5 26. Nd5 Qd8 27. Nh2 Nf7 28. Bc3
a5 29. Bc6 Ra6 30. Bxa5 Rxa5 31. Rxa5 Bxd5 32. Bxd5 gxh4 33. Kxh3 hxg3 34. Rg1
exd4 35. Rxg3+ Kh8 36. Kg2 Qb6 37. Rb5 Qa6 38. Qa5 Qc8 39. Qb6 Ng5 40. Qb7 Qe8
41. Ra5 Bd8 42. Ra7 Qg6 43. Qd7 Bb6 44. Qxd6 1-0

[Event "XXVI Festival Conca della Presolana B"]
[Site "Bratto - Castione della Presolana ITA"]
[Date "2006.08.23"]
[Round "4"]
[White "Caputi, Giuliano"]
[Black "Acunzo, Domenico"]
[Result "1-0"]
[WhiteElo "1945"]
[BlackElo "1764"]
[PlyCount "89"]
[EventDate "2006.08.20"]

1. c4 e5 2. Nc3 Nc6 3. d3 f5 4. g3 Nf6 5. Bg2 Bc5 6. Nf3 O-O 7. Bg5 Bb4 8. O-O
Bxc3 9. bxc3 d6 10. Rb1 Qe8 11. Bc1 b6 12. Ba3 Bd7 13. Qd2 Rd8 14. h3 Ne7 15.
Ne1 Ng6 16. Nc2 f4 17. Kh2 Nh5 18. Bf3 fxg3+ 19. fxg3 Nxg3 20. Bd5+ Kh8 21.
Rxf8+ Qxf8 22. Kxg3 Qf6 23. Qe3 Qh4+ 24. Kh2 Rf8 25. Rg1 Rf2+ 26. Rg2 Rxg2+ 27.
Bxg2 Nf4 28. Qf3 g5 29. Bf1 g4 30. Qg3 Qh6 31. Bc1 gxh3 32. Bxf4 exf4 33. Qf3
Qh4 34. e3 Kg7 35. Qxf4 Qh5 36. Nd4 Qa5 37. Bxh3 Bxh3 38. Kxh3 Qxc3 39. Ne6+
Kg6 40. Qg5+ Kf7 41. Qf5+ Ke7 42. Nxc7 Qe1 43. Nd5+ Kd8 44. Qf8+ Kd7 45. Qe7+
1-0

[Event "XXVI Festival Conca della Presolana B"]
[Site "Bratto - Castione della Presolana ITA"]
[Date "2006.08.23"]
[Round "4"]
[White "Celli, Ugo"]
[Black "Spano' Cuomo, Gaetano"]
[Result "1-0"]
[WhiteElo "1733"]
[BlackElo "1880"]
[PlyCount "105"]
[EventDate "2006.08.20"]

1. c4 Nf6 2. Nc3 e6 3. e4 d6 4. d4 Be7 5. f4 c5 6. d5 exd5 7. cxd5 O-O 8. Nf3
Re8 9. Be2 Nfd7 10. O-O Bf6 11. Qc2 Nf8 12. Nd2 Nbd7 13. a4 Nb6 14. a5 Bxc3 15.
bxc3 Nxd5 16. Qd3 Nf6 17. Bf3 Bg4 18. Bxg4 Nxg4 19. c4 f5 20. Bb2 Kh8 21. h3
Nf6 22. exf5 Re7 23. Bxf6 gxf6 24. Ne4 Rd7 25. Nc3 Rg7 26. Nd5 Nd7 27. Qc3 Qg8
28. Ra2 Re8 29. Kh2 h5 30. g3 Qf7 31. Rg2 Kh7 32. Rfg1 Kh8 33. Re1 Rxe1 34.
Qxe1 Kh7 35. Qe6 Qf8 36. Re2 b6 37. a6 Kh6 38. Qe8 Kh7 39. Qxf8 Nxf8 40. Nxf6+
Kh8 41. Nxh5 Rf7 42. g4 d5 43. cxd5 c4 44. d6 c3 45. Rc2 Rd7 46. Rxc3 Rxd6 47.
Rc8 Kg8 48. g5 b5 49. Rb8 Rxa6 50. Rxb5 Rb6 51. Rxb6 axb6 52. Nf6+ Kf7 53. Kg2
1-0

[Event "XXVI Festival Conca della Presolana B"]
[Site "Bratto - Castione della Presolana ITA"]
[Date "2006.08.23"]
[Round "4"]
[White "Colombo, Sandro"]
[Black "Rozzoni, Davide"]
[Result "1-0"]
[WhiteElo "1864"]
[BlackElo "1714"]
[PlyCount "64"]
[EventDate "2006.08.20"]

1. c4 g6 2. Nc3 Nh6 3. e4 d6 4. d4 c6 5. Be2 Bg7 6. Be3 f5 7. Qd2 Nf7 8. exf5
Bxf5 9. Nf3 Na6 10. O-O O-O 11. Rfe1 Bg4 12. Ng5 Bd7 13. Nce4 Nc7 14. h4 d5 15.
Nxf7 Rxf7 16. Ng5 Rf8 17. h5 e5 18. hxg6 hxg6 19. dxe5 Bxe5 20. Nf3 Bg7 21. Bd3
Bf5 22. Bg5 Bf6 23. Bxf5 gxf5 24. cxd5 Bxg5 25. Nxg5 Qxd5 26. Qf4 Ne8 27. Re7
Qd6 28. Qc4+ Qd5 29. Qh4 Nf6 30. Ne6 Rf7 31. Qg5+ Kh8 32. Rxf7 Rg8 1-0

[Event "XXVI Festival Conca della Presolana B"]
[Site "Bratto - Castione della Presolana ITA"]
[Date "2006.08.23"]
[Round "4"]
[White "Di Chiara, Mauro"]
[Black "Nardone, Massimo"]
[Result "0-1"]
[WhiteElo "1721"]
[BlackElo "1902"]
[PlyCount "88"]
[EventDate "2006.08.20"]

1. d4 d5 2. Nf3 e6 3. e3 Nf6 4. Bd3 c5 5. b3 Nc6 6. Bb2 cxd4 7. exd4 Be7 8.
Nbd2 a6 9. a3 O-O 10. O-O Bd7 11. c4 dxc4 12. bxc4 Rc8 13. Re1 Bd6 14. Nf1 Ne7
15. d5 Ng6 16. Bxf6 gxf6 17. dxe6 Bxe6 18. Ne3 Nf4 19. Bf5 Bc5 20. Qxd8 Rfxd8
21. Bxe6 fxe6 22. Ng4 Kf7 23. g3 Ng6 24. Rab1 Rc7 25. a4 a5 26. Rbd1 Rcd7 27.
Rxd7+ Rxd7 28. Ne3 Ke7 29. Kf1 Rd3 30. h4 Ra3 31. h5 Nf8 32. Rb1 b6 33. Ke2
Rxa4 34. Nd2 Nd7 35. Nd1 Ne5 36. Nc3 Rb4 37. f3 Rxb1 38. Ncxb1 f5 39. Nc3 Bb4
40. f4 Bxc3 41. fxe5 Bxe5 42. Kf3 a4 43. Nb1 Bb2 44. Kf4 Kf6 0-1

[Event "XXVI Festival Conca della Presolana B"]
[Site "Bratto - Castione della Presolana ITA"]
[Date "2006.08.23"]
[Round "4"]
[White "Ferrarese, Giacomo"]
[Black "Fizzotti, Mario"]
[Result "0-1"]
[WhiteElo "1721"]
[BlackElo "1868"]
[PlyCount "66"]
[EventDate "2006.08.20"]

1. c4 e5 2. Nc3 Nf6 3. g3 c6 4. Bg2 d5 5. b3 Be6 6. cxd5 cxd5 7. e3 Nbd7 8.
Nge2 Bb4 9. O-O O-O 10. Bb2 e4 11. Nf4 Bg4 12. f3 exf3 13. Bxf3 Bxf3 14. Qxf3
Ne5 15. Qd1 Re8 16. a3 Ba5 17. h3 d4 18. Nce2 dxe3 19. dxe3 Bb6 20. Nd4 Nd5 21.
Nxd5 Qxd5 22. Kh2 Rad8 23. Nf5 Qd2+ 24. Qxd2 Rxd2+ 25. Kh1 Rxb2 26. b4 Nd3 27.
Rf3 Nf2+ 28. Kg1 Nxh3+ 29. Kf1 Rh2 30. Rd1 Rh1+ 31. Ke2 Rxd1 32. Kxd1 g6 33.
Nh6+ Kg7 0-1

[Event "XXVI Festival Conca della Presolana B"]
[Site "Bratto - Castione della Presolana ITA"]
[Date "2006.08.23"]
[Round "4"]
[White "Fiorili, Roberto"]
[Black "Madiai, Federico"]
[Result "0-1"]
[WhiteElo "1934"]
[BlackElo "1756"]
[PlyCount "55"]
[EventDate "2006.08.20"]

1. e4 e5 2. Nf3 Nc6 3. d4 exd4 4. Nxd4 Bc5 5. Be3 Qf6 6. c3 Nge7 7. Bc4 Ne5 8.
Bb3 Qg6 9. O-O O-O 10. f3 d6 11. Qe2 a6 12. a4 Bd7 13. Na3 Rae8 14. Nc4 N7c6
15. Nc2 Nxc4 16. Bxc5 N4a5 17. Bd5 dxc5 18. b4 Ne7 19. Ne3 Nac6 20. b5 axb5 21.
axb5 Nd8 22. Ra7 c6 23. bxc6 Bxc6 24. Rd1 Bxd5 25. Nxd5 Nxd5 26. Rxd5 Qb6 27.
Ra1 Ne6 28. Rh5 0-1

[Event "XXVI Festival Conca della Presolana B"]
[Site "Bratto - Castione della Presolana ITA"]
[Date "2006.08.23"]
[Round "4"]
[White "Gallavotti, Eugenio"]
[Black "Allegretti, Luigi"]
[Result "1-0"]
[WhiteElo "1705"]
[BlackElo "1981"]
[PlyCount "81"]
[EventDate "2006.08.20"]

1. e4 g6 2. d4 Bg7 3. Nf3 d6 4. h3 a6 5. Nc3 b5 6. Be2 Bb7 7. Bg5 h6 8. Bh4 g5
9. Bg3 b4 10. Nd5 a5 11. Bd3 e6 12. Ne3 Ne7 13. c3 O-O 14. O-O f5 15. exf5 exf5
16. Nc2 bxc3 17. bxc3 Kh8 18. Rb1 Bd5 19. c4 Bg8 20. Qe2 Nd7 21. d5 Nc5 22.
Nfd4 Qd7 23. f4 Rae8 24. Qd2 Ne4 25. Bxe4 fxe4 26. fxg5 Nf5 27. Nxf5 Rxf5 28.
Rxf5 Qxf5 29. gxh6 Bf6 30. Rf1 Bg5 31. Qd4+ Bf6 32. Qxf6+ Qxf6 33. Rxf6 e3 34.
Be1 Re4 35. Bxa5 Rxc4 36. Nxe3 Rc5 37. Bb4 Rb5 38. Bc3 Kh7 39. g4 Rc5 40. Bd4
Rc1+ 41. Rf1 1-0